CO TO ZA SPORT 2 ? HARD - Statystyki

Ogólne statystyki
  • Ten quiz został rozwiązany 1 529 razy
  • Średni wynik to 12 z 14
Statystyki odpowiedzi
Obrazkowy Odpowiedź % Poprawnych
Koszykówka
100%
Siatkówka
99%
Tenis
99%
Piłka Nożna
97%
Skoki Narciarskie
97%
Pływanie
95%
Zuzel
91%
Szermierka
84%
Boks
80%
Bilard
75%
Skok w dal
73%
Saneczkarstwo
67%
Ping Pong
66%
Biatlon
51%
Nie znaleziono quizów pasujących do podanych kryteriów
Rozkład punktacji
Procent ludzi z każdym wynikiem
Percentyl według liczby udzielonych odpowiedzi
Twoja historia wyników
Nie rozwiązałeś tego quizu